Egy tudomány jelei
A szemiotika már vagy száz éve tudomány. A szemiotika már vagy ötven éve divatossá vált tudomány. Egy éve már van szemiotika szak is egy magyar egyetemen. (Persze oktattak már szemiotikát különböző szakokon eddig is, de most végre megkapta a tárgy a maga nagykorúsítási bizonyítványát is: az ELTÉ-n m...
Elmentve itt :
| Szerzők: | |
|---|---|
| Dokumentumtípus: | Cikk |
| Megjelent: |
2012
|
| Sorozat: | Iskolakultúra
22 No. 4 |
| Online Access: | http://misc.bibl.u-szeged.hu/42068 |
| LEADER | 01344nab a2200193 i 4500 | ||
|---|---|---|---|
| 001 | misc42068 | ||
| 005 | 20191106140530.0 | ||
| 008 | 180706s2012 hu o 0|| zxx d | ||
| 022 | |a 1215-5233 | ||
| 040 | |a SZTE Miscellanea Repozitórium |b hun | ||
| 041 | |a zxx | ||
| 100 | 1 | |a Kapitány Ágnes | |
| 245 | 1 | 0 | |a Egy tudomány jelei |h [elektronikus dokumentum] / |c Kapitány Ágnes |
| 260 | |c 2012 | ||
| 300 | |a 118-119 | ||
| 490 | 0 | |a Iskolakultúra |v 22 No. 4 | |
| 520 | 3 | |a A szemiotika már vagy száz éve tudomány. A szemiotika már vagy ötven éve divatossá vált tudomány. Egy éve már van szemiotika szak is egy magyar egyetemen. (Persze oktattak már szemiotikát különböző szakokon eddig is, de most végre megkapta a tárgy a maga nagykorúsítási bizonyítványát is: az ELTÉ-n ma lehet szemiotikából is MA diplomát szerezni.1) A szemiotika ugyanakkor olyan tárgy, amelynek használatát szinte egyetlen más tudomány sem nélkülözheti, a társadalom-, és bölcsészettudományok meg különösképpen nem. Merthogy minden tudomány jelekkel dolgozik, jelrendszereken alapul. (Megkockáztatjuk, hogy szemiotikai önelemzés nélkül egyetlen tudomány sem áll szilárdan a lábán2). | |
| 700 | 0 | 1 | |a Kapitány Gábor |e aut |
| 856 | 4 | 0 | |u http://misc.bibl.u-szeged.hu/42068/1/EPA00011_Iskolakultura_2012_04_118-119.pdf |z Dokumentum-elérés |